Labour laws : (Record no. 67707)

MARC details
000 -LEADER
fixed length control field 00458nam a22001577a 4500
005 - DATE AND TIME OF LATEST TRANSACTION
control field 20181117120054.0
020 ## - INTERNATIONAL STANDARD BOOK NUMBER
International Standard Book Number 8175344911
Terms of availability 165.00
035 ## - SYSTEM CONTROL NUMBER
System control number B-167922 B-167923
037 ## - SOURCE OF ACQUISITION
Stock number DPL
Source of stock number/acquisition ENG
100 ## - MAIN ENTRY--PERSONAL NAME
Personal name Kumar, H.L.
245 ## - TITLE STATEMENT
Title Labour laws :
Remainder of title Everybody should know /
Statement of responsibility, etc by H.L. Kumar
250 ## - EDITION STATEMENT
Edition statement 3rd ed.
260 ## - PUBLICATION, DISTRIBUTION, ETC. (IMPRINT)
Place of publication, distribution, etc New Delhi
Name of publisher, distributor, etc Universal Law Publishing Co.
Date of publication, distribution, etc 2006
300 ## - PHYSICAL DESCRIPTION
Extent xxi, 304p.
Dimensions 20 cms.
942 ## - ADDED ENTRY ELEMENTS (KOHA)
Source of classification or shelving scheme Dewey Decimal Classification
Item type English Books
Classification part 344.01
Call number suffix KUM
Holdings
Withdrawn status Lost status Not for loan Collection code Home library Current library Date acquired Cost, normal purchase price Full call number Barcode Cost, replacement price Koha item type
      Non-fiction R.C.Libraries (zls) R.C.Libraries (zls) 17/11/2018 165.00 344.01 KUM B-167923 165.00 English Books
      Non-fiction Sarojini Nagar Sarojini Nagar 08/06/2012 165.00 344.01 KUM B-167922 165.00 English Books

© Delhi Public Library
Hit Counter
free hit counter